000 00516nam a2200169Ia 4500
008 240729s9999 xx 000 0 und d
022 _a2986-8831
245 0 _aIndonesian Journal of Research in Physical Education, Sport, and Health
260 _aIndonesia
260 _bUniversitas Negeri Malang
650 _a Recreation. Leisure
650 _a Sports
650 _aGeography. Anthropology. Recreation
856 _uhttps://doaj.org/toc/1f24a54d1e9d41deb90f0bdad0acf283
942 _2ddc
942 _cDOAJEJ
999 _c69420
_d69420
945 _a1
_bMadushi Gamage
_c1
_dMadushi Gamage